| 000 | 00699nam a2200217 u 4500 | ||
|---|---|---|---|
| 005 | 20240228064248.0 | ||
| 008 | 080312s2005 r 000 0 eng d | ||
| 020 | _a8420545201 | ||
| 035 | _aUPN01000211560 | ||
| 049 | _aI | ||
| 050 | 4 |
_aPN3157 _bG6.5 |
|
| 100 | 1 |
_aGonzález Torices, José, _d1947- _930717 |
|
| 245 | 1 | 0 |
_aTeatro de escuela / _cJosé González Torices ; il. Goyo Rodríguez. |
| 260 |
_aMadrid : _bPearson Alhambra, _cc2005. |
||
| 300 |
_a87 p. : _bil. |
||
| 440 | 0 |
_a+ 8 años ; _v36 |
|
| 505 | 8 |
_aContenido: _tLas uvas de Mocoloco -- _tEl ángel y el rey Gulú |
|
| 650 | 7 |
_aTeatro escolar infantil _2 _96353 |
|
| 650 | 4 |
_aLibros y lectura para niños _92290 |
|
| 905 | _aInfantil | ||
| 999 |
_c183661 _d183661 |
||